[Event "Osijek op 12th"]
[Site "Osijek"]
[Date "2019.02.24"]
[Round "7.19"]
[White "Mravunac, Branko"]
[Black "Ljubicic, Ninoslav"]
[Result "1-0"]
[WhiteElo "1983"]
[BlackElo "1763"]
[PlyCount "41"]
[EventDate "2019.02.21"]
[EventType "swiss"]
[EventRounds "7"]
[EventCountry "CRO"]
[SourceTitle "EXT 2023"]
[Source "ChessBase"]
[SourceDate "2022.10.05"]
[SourceVersion "1"]
[SourceVersionDate "2022.10.05"]
[SourceQuality "1"]

1. e4 g6 2. f4 b6 3. d4 Bb7 4. Bd3 d6 5. Nf3 Bg7 6. c3 Nd7 7. 0-0 e6 8. Nbd2 Qe7 9. a4 Ngf6 10. a5 0-0 11. a6 Bc8 12. e5 Nd5 13. Ne4 f6 14. Bc4 Bh6 15. g3 Nxf4 16. Bxf4 Bxf4 17. gxf4 d5 18. Nxf6+ Nxf6 19. exf6 Qxf6 20. Be2 Qxf4 21. Ne5 1-0

[Event "Osijek op 10th"]
[Site "Osijek"]
[Date "2017.02.26"]
[Round "7"]
[White "Perci, Franjo"]
[Black "Ljubicic, Ninoslav"]
[Result "1/2-1/2"]
[WhiteElo "1700"]
[BlackElo "1821"]
[PlyCount "109"]
[EventDate "2017.02.23"]
[EventType "swiss"]
[EventRounds "7"]
[EventCountry "CRO"]
[SourceTitle "EXT 2019"]
[Source "ChessBase"]
[SourceDate "2018.10.10"]
[SourceVersion "1"]
[SourceVersionDate "2018.10.10"]
[SourceQuality "1"]

1. e4 g6 2. d4 Bg7 3. Be3 b6 4. c4 Bb7 5. Nc3 Nf6 6. e5 Ne4 7. Nxe4 Bxe4 8. f3 Bb7 9. Qd2 0-0 10. h4 d6 11. h5 dxe5 12. hxg6 fxg6 13. 0-0-0 exd4 14. Bh6 Rf7 15. Nh3 Bf6 16. Bd3 Qd6 17. Ng5 Bxg5 18. Bxg5 Nd7 19. Rh6 Nf8 20. f4 Bc8 21. Be4 Rb8 22. Qxd4 Qxd4 23. Rxd4 Bf5 24. Bxf5 gxf5 25. Rc6 e6 26. Bh6 Re8 27. Rd3 Ng6 28. Re3 e5 29. fxe5 Nxe5 30. Bf4 Rfe7 31. Bxe5 Rxe5 32. Rg3+ Kf7 33. Rxc7+ R8e7 34. Rxe7+ Rxe7 35. Kc2 Kf6 36. b4 f4 37. Rg8 Kf5 38. Kc3 Ke4 39. c5 bxc5 40. bxc5 Kd5 41. Rg5+ Kc6 42. Kd4 a5 43. Rf5 Rd7+ 44. Kc4 Rd2 45. Rf6+ Kc7 46. Rf5 Rxg2 47. Rxf4 Rc2+ 48. Kb5 Rb2+ 49. Kxa5 Kc6 50. Rf5 Rb8 51. Rh5 Rb5+ 52. Ka6 Rb8 53. Ka7 Rb7+ 54. Ka8 Rb5 55. a4 1/2-1/2

[Event "Osijek op 10th"]
[Site "Osijek"]
[Date "2017.02.23"]
[Round "1"]
[White "Stocko, Josip"]
[Black "Ljubicic, Ninoslav"]
[Result "1-0"]
[WhiteElo "2348"]
[BlackElo "1821"]
[PlyCount "47"]
[EventDate "2017.02.23"]
[EventType "swiss"]
[EventRounds "7"]
[EventCountry "CRO"]
[SourceTitle "EXT 2019"]
[Source "ChessBase"]
[SourceDate "2018.10.10"]
[SourceVersion "1"]
[SourceVersionDate "2018.10.10"]
[SourceQuality "1"]

1. e4 g6 2. d4 Bg7 3. Nc3 b6 4. Be3 Bb7 5. Bc4 d6 6. Qe2 Qd7 7. 0-0-0 e6 8. h4 Nf6 9. e5 dxe5 10. dxe5 Nd5 11. Ne4 Qc8 12. Bb5+ Kf8 13. Bg5 Bxe5 14. c4 Bf4+ 15. Bxf4 Nxf4 16. Qe3 Bxe4 17. Qxe4 c6 18. Qxf4 cxb5 19. Qf6 Qxc4+ 20. Kb1 Qe4+ 21. Ka1 Nd7 22. Qxh8+ Ke7 23. Qd4 Qc6 24. Nf3 1-0

[Event "Osijek op"]
[Site "Osijek"]
[Date "2015.03.06"]
[Round "4"]
[White "Ljubicic, Ninoslav"]
[Black "Zagorscak, Dino"]
[Result "1/2-1/2"]
[WhiteElo "1907"]
[BlackElo "1707"]
[PlyCount "134"]
[EventDate "2015.03.05"]
[EventType "swiss"]
[EventRounds "7"]
[EventCountry "CRO"]
[SourceTitle "CBM 165 Extra"]
[Source "ChessBase"]
[SourceDate "2015.04.21"]
[SourceVersion "1"]
[SourceVersionDate "2015.04.21"]
[SourceQuality "1"]

1. e4 c5 2. Nf3 a6 3. d4 cxd4 4. Nxd4 Nf6 5. Bd3 e5 6. Nf3 d5 7. exd5 e4 8. Qe2 Qe7 9. d6 Qxd6 10. Bxe4 Qb4+ 11. Nc3 Nxe4 12. Qxe4+ Qxe4+ 13. Nxe4 Bf5 14. Nfd2 Be7 15. 0-0 0-0 16. Re1 Nc6 17. c3 Rfe8 18. Ng3 Bg6 19. Nf3 Bc5 20. Be3 Bxe3 21. Rxe3 Rxe3 22. fxe3 Rd8 23. Ne2 Na5 24. b3 Rd3 25. Kf2 Nc6 26. Rc1 Bh5 27. Nf4 Rd6 28. Nxh5 g5 29. Rc2 g4 30. Nd4 Ne5 31. Ke2 Rh6 32. Nf4 Rxh2 33. Rd2 h5 34. Kf1 Rh1+ 35. Kf2 h4 36. Nf5 h3 37. Rd8+ Kh7 38. Ng3 Ra1 39. gxh3 Rxa2+ 40. Nfe2 gxh3 41. Rd4 h2 42. Kg2 Kg7 43. Rh4 Rb2 44. b4 a5 45. bxa5 Rb5 46. Rxh2 Rxa5 47. Rh5 Nc4 48. Rxa5 Nxa5 49. Kf3 Kf6 50. Ke4 Ke6 51. Nd4+ Kd6 52. Ngf5+ Kc5 53. Nh6 Kc4 54. Ne2 b5 55. Nxf7 b4 56. Nd6+ Kc5 57. cxb4+ Kxb4 58. Kd5 Nb3 59. Nc4 Nc5 60. Nd4 Nd7 61. Nd6 Nf6+ 62. Ke6 Ng4 63. Nc2+ Kc3 64. e4 Kxc2 65. Kf5 Ne3+ 66. Kf4 Kd3 67. Kg5 Nc4 1/2-1/2

[Event "Osijek op"]
[Site "Osijek"]
[Date "2015.03.05"]
[Round "1"]
[White "Galic, Ivan"]
[Black "Ljubicic, Ninoslav"]
[Result "1-0"]
[WhiteElo "2391"]
[BlackElo "1907"]
[PlyCount "25"]
[EventDate "2015.03.05"]
[EventType "swiss"]
[EventRounds "7"]
[EventCountry "CRO"]
[SourceTitle "CBM 165 Extra"]
[Source "ChessBase"]
[SourceDate "2015.04.21"]
[SourceVersion "1"]
[SourceVersionDate "2015.04.21"]
[SourceQuality "1"]

1. e4 g6 2. d4 Bg7 3. Nc3 b6 4. Bg5 Bb7 5. f4 Bf6 6. Nf3 h6 7. Bxf6 Nxf6 8. Bd3 e6 9. f5 exf5 10. exf5 Qe7+ 11. Kd2 gxf5 12. Bxf5 Na6 13. Re1 1-0

[Event "CRO-chT2 East"]
[Site "Osijek"]
[Date "2013.05.11"]
[Round "4.63"]
[White "Dabic, Stanko"]
[Black "Ljubicic, Ninoslav"]
[Result "1-0"]
[WhiteElo "2188"]
[BlackElo "1963"]
[PlyCount "61"]
[EventDate "2013.04.20"]
[EventType "team-tourn"]
[EventRounds "11"]
[EventCountry "CRO"]
[SourceTitle "EXT 2023"]
[Source "ChessBase"]
[SourceDate "2022.10.05"]
[SourceVersion "1"]
[SourceVersionDate "2022.10.05"]
[SourceQuality "1"]

1. e4 e5 2. Nf3 Nc6 3. Bb5 d6 4. d4 exd4 5. Nxd4 Bd7 6. Bxc6 bxc6 7. 0-0 c5 8. Nf3 Be7 9. Re1 Bg4 10. h3 Bh5 11. Nc3 c6 12. Bf4 g5 13. Bg3 Nh6 14. Qd3 Bg6 15. Rad1 d5 16. Qa6 0-0 17. exd5 Bf6 18. dxc6 Qc8 19. Qa4 Nf5 20. Be5 Bd8 21. Nd5 f6 22. Bh2 Be8 23. Qc4 Kg7 24. c7 Bf7 25. Qxc5 Bxd5 26. Rxd5 Be7 27. Rxe7+ Nxe7 28. Qxe7+ Rf7 29. Qe4 Qb7 30. Nxg5 Qxb2 31. Qxh7+ 1-0

[Event "Bizovac Metalis op 14th"]
[Site "Bizovac"]
[Date "2007.02.22"]
[Round "1"]
[White "Ljubicic, Ninoslav"]
[Black "Cebalo, Miso"]
[Result "0-1"]
[WhiteElo "2001"]
[BlackElo "2471"]
[PlyCount "84"]
[EventDate "2007.02.22"]
[EventType "swiss"]
[EventRounds "7"]
[EventCountry "CRO"]
[SourceTitle "CBM 116 Extra"]
[Source "ChessBase"]
[SourceDate "2007.03.07"]
[SourceVersion "1"]
[SourceVersionDate "2007.03.07"]
[SourceQuality "1"]

1. e4 c5 2. Nf3 d6 3. d4 cxd4 4. Nxd4 Nf6 5. Nc3 g6 6. Be3 Bg7 7. Bd3 0-0 8. h3 Nc6 9. 0-0 Bd7 10. Kh1 Rc8 11. Rb1 a6 12. a3 b5 13. Qd2 Qc7 14. Nxc6 Bxc6 15. Bh6 Qb7 16. Bxg7 Kxg7 17. Rbc1 Bxe4 18. Nxe4 Nxe4 19. Qe3 Nf6 20. f4 Rc5 21. f5 Re5 22. Qf3 Qxf3 23. Rxf3 g5 24. Rff1 Rc8 25. Rfe1 Nd7 26. c3 Kf6 27. g4 Rcc5 28. Kg2 Rcd5 29. Bf1 Rd2+ 30. Kf3 Rxb2 31. a4 h5 32. axb5 axb5 33. Red1 h4 34. Rb1 Rc2 35. Rdc1 Rxc1 36. Rxc1 Rc5 37. Ke3 Ne5 38. Be2 b4 39. c4 Ra5 40. Rb1 Ra3+ 41. Kd4 Rxh3 42. Rxb4 Nc6+ 0-1